000 00364cam a2200157ua 4500
041 _aeng
_h
082 _a828.09
_bPRE/HE
100 _aPress, John .
245 _aHerrick /
_cJohn Press.
_hTextual Documents
250 _a1 /
_b.
260 _aLondon :
_bLongman Green and Co ,
_c1961.
300 _a40 ; .
504 _a
942 _cBK
999 _c6703
_d6703